Elemente die nach Personen benannt sind - Statistiken

Allgemein
  • Dieses Quiz wurde 81 mal gespielt
  • Das Durchschnittsergebnis liegt bei 8 aus 17
Antwortstatistiken
Symbol Antwort % Korrekt
Es Einsteinium
86%
Rf Rutherfordium
80%
Cs Caesium
78%
No Nobelium
55%
Md Mendelevium
53%
Cm Curium
52%
Mt Meitnerium
50%
Bh Bohrium
45%
Fm Fermium
45%
Rg Roentgenium
41%
Gd Gadolinium
38%
Sm Samarium
36%
Sg Seaborgium
33%
Cn Copernicium
27%
Fl Flerovium
22%
Og Oganessum
8%
Lr Lawrecium
5%
Keine übereinstimmenden Quizze gefunden
Verteilung der Resultate
Anzahl Personen mit jedem Resultat
Perzentil nach korrekt beantworteten Fragen
Ihre Resultats-Entwicklung
Sie haben dieses Quiz noch nicht gespielt